000 00441nam a2200169Ia 4500
001 7656
005 20260306160511.0
008 260306t9999||||xx |||||||||||||| ||spa||
041 _aESP
082 _a353.46
_bV943
100 _aVieira Cervera, César
_eAUT
245 0 _aCírculos de integridad:
_buna receta contra la corrupción desde el sector público
300 _a
_c
650 _aGEN
654 _aCAN
942 _cLIB
_dJUS
_fJUS
_2ddc
_n
999 _c7656
_d7656